Traité théorique et pratique de Chauffage et de ventilation / (Record no. 127530)

MARC details
000 -LEADER
campo de control de longitud fija 00680nam a2200193 i 4500
001 - NÚMERO DE CONTROL
campo de control 127530
003 - IDENTIFICADOR DE NÚMERO DE CONTROL
campo de control ES-MaACL
005 - FECHA Y HORA DE LA ÚLTIMA TRANSACCIÓN
campo de control 20230906193030.0
007 - CAMPO FIJO DE DESCRIPCIÓN FÍSICA--INFORMACIÓN GENERAL
campo de control de longitud fija t|
008 - DATOS DE LONGITUD FIJA--INFORMACIÓN GENERAL
campo de control de longitud fija 070214s1925 fr r ||||1| fre d
100 1# - ENTRADA PRINCIPAL--NOMBRE DE PERSONA
Nombre de persona Rietschel, Hermann.
9 (RLIN) 97170
245 10 - MENCIÓN DEL TÍTULO
Título Traité théorique et pratique de Chauffage et de ventilation /
Mención de responsabilidad, etc. H. Rietschel ; reun et mis a jour par le Prof. Dr. K. Brablée ; traduit sur la sixième édition allemande par Ad. Jouve.
260 ## - PUBLICACIÓN, DISTRIBUCIÓN, ETC.
Lugar de publicación, distribución, etc. Paris :
Nombre del editor, distribuidor, etc. Evreux Ch. Herissey,
Fecha de publicación, distribución, etc. 1925.
300 ## - DESCRIPCIÓN FÍSICA
Extensión XX, 407 p. ;
Dimensiones 28 cm.
650 #4 - PUNTO DE ACCESO ADICIONAL DE MATERIA--TÉRMINO DE MATERIA
Término de materia o nombre geográfico como elemento de entrada Calefacción.
9 (RLIN) 155174
650 04 - PUNTO DE ACCESO ADICIONAL DE MATERIA--TÉRMINO DE MATERIA
Término de materia o nombre geográfico como elemento de entrada Ventilación.
9 (RLIN) 136979
700 1# - ENTRADA AGREGADA--NOMBRE PERSONAL
Nombre de persona Brablée, K.
9 (RLIN) 31228
852 ## - LOCALIZACIÓN
Ubicación ES-MaACL
Número de control de estantería F-3246
Holdings
Estatus retirado Estado de pérdida Estado de daño No para préstamo Biblioteca de origen Biblioteca actual Ubicación en estantería Fecha de adquisición Fuente de adquisición Total de préstamos Signatura topográfica completa Código de barras Visto por última vez Precio de reemplazo Tipo de ítem Koha
        Biblioteca del Ateneo de Madrid Biblioteca del Ateneo de Madrid Depósito 2 17/01/2008     F-3246 1132829 23/02/2023 23/02/2023 Libro impreso